| 000 | 00772nam a2200253 a 4500 | ||
|---|---|---|---|
| 005 | 20240111063545.0 | ||
| 008 | 010523s1998 r 000 0 eng d | ||
| 020 | _a843762019X | ||
| 035 | _aUPN01000106745 | ||
| 040 |
_aUPN _bspa _cUPN |
||
| 049 | _aCG | ||
| 050 | 4 |
_aPN4142 _bV3.78 1998 |
|
| 100 | 1 |
_aDijk, Teun A. van, _d1943- _928365 |
|
| 245 | 1 | 0 |
_aTexto y contexto : _bsemántica y pragmática del discurso / _cTeun A. Van Dijk ; introd. Antonio García Berrio ; tr. Juan Domingo Moyano. |
| 250 | _a6a ed. | ||
| 260 |
_aMadrid : _bCátedra, _c1998. |
||
| 300 | _a357 p. | ||
| 440 | 0 | _aLingüística | |
| 650 | 2 |
_aSemántica _93577 |
|
| 650 | 4 |
_aCONFERENCIAS Y EL ARTE DE DISERTAR _911496 |
|
| 650 | 2 |
_aOratoria _94605 |
|
| 905 | _aLibro | ||
| 942 |
_2lcc _cLIBRO |
||
| 999 |
_c80657 _d80657 |
||